[Event "Osasco Franca Garcia Memorial 20th"]
[Site "Osasco"]
[Date "2004.07.03"]
[Round "3"]
[White "Perelshteyn, Eugene"]
[Black "Rodriguez Vila, Andres"]
[Result "0-1"]
[WhiteElo "2500"]
[BlackElo "2556"]
[Annotator "Marin,M"]
[PlyCount "136"]
[EventDate "2004.07.01"]
[EventType "tourn"]
[EventRounds "9"]
[EventCountry "BRA"]
[EventCategory "9"]
[SourceTitle "CBM 103"]
[Source "ChessBase"]
[SourceDate "2004.11.11"]
[SourceVersion "1"]
[SourceVersionDate "2004.11.11"]
[SourceQuality "1"]

1. Nf3 g6 2. e4 d6 3. d4 Bg7 4. Nc3 Nd7 5. Be3 Ngf6 6. h3 O-O 7. e5 Ne8 8. e6
fxe6 9. Ng5 Nb6 10. Bd3 Nf6 11. Nce4 Nbd5 12. Nxf6+ Rxf6 13. Qg4 Nxe3 14. fxe3
Qf8 15. O-O-O Bh6 16. Qg3 Bd7 17. h4 Qg7 18. Kb1 b5 19. Ne4 Rff8 20. Qh3 c5 21.
g4 c4 22. Be2 e5 23. Qg3 exd4 24. g5 Qe5 25. Qxe5 dxe5 26. exd4 Bg7 27. Nc5 Bc8
28. dxe5 Bxe5 29. Nd7 Rf2 30. Bg4 Bd6 31. Be6+ Kg7 32. Rhf1 Bxd7 33. Bxd7 Rxf1
34. Rxf1 b4 35. Be6 Rf8 36. Rxf8 Kxf8 37. Bxc4 Bg3 38. h5 gxh5 39. Kc1 Bf4+ 40.
Kd1 Bxg5 41. Ke2 Bf6 42. b3 Kg7 43. Kf3 Bc3 44. Ke4 Kf6 45. Be2 Kg5 46. Kf3 h6
47. Bd3 h4 48. Bf1 Kf5 49. Bh3+ Ke5 50. Ke3 Bd4+ 51. Kf3 Bc5 52. Bf1 h5 53. Bh3
Kd4 54. Bf5 Bd6 55. Bg6 {Isolated passed pawns in the presence of opposite
colored bishops. Isolierte Freibauern bei ungleichfarbigen Läufern.} e5 56. Bf5
(56. Bxh5 e4+ {diagonal d6-h2 Diagonale d6-h2} 57. Kg2 Kc3 $19) 56... Bc5 {
This move is not too constructive. The bishop was well placed on the h2-b8
diagonal, ready to support the h-pawn(s). Dieser Zug ist nicht sonderlich
konstruktiv. Auf der Diagonalen h2-b8 stand der Läufer gut, bereit, den (die)
h-Bauern zu unterstützen} (56... Bc7 57. Bg6 h3 58. Kg3 h4+ 59. Kxh3 Bd8 60.
Bf5 e4 61. Kg2 e3 62. Kf3 Bg5 63. Ke2 (63. Bd7 Kc3 64. Bf5 Kd2 65. Bd3 h3 $19)
63... Kc3 64. Kd1 Kb2 {Although this maneuver looks a bit too long, the
elimination of the a-pawn will prove important at a later stage. Besides,
White will not be able to undertake any active action during the black king's
walk around. Obwohl dieses Manöver ein bisschen zu lang wirkt, wird sich die
Beseitigung des a-Bauern in einer späteren Phase als wichtig erweisen.
Außerdem wird Weiß nicht in der Lage sein, während des Rundgangs des schwarzen
Königs irgendetwas Aktives zu unternehmen.} 65. Ke2 Kxa2 66. Kd3 Kb2 67. Ke2 (
67. Be6 Kc1 68. Bg4 Bf4 69. Bf5 Kd1 $19) 67... Kc3 68. Kd1 Kd4 69. Ke2 Ke5 70.
Bd7 Kf4 71. Bc8 Kg3 72. Bd7 h3 73. Bc6 Kh2 74. Kf1 a5 75. Bf3 Bf4 76. Bc6 {
With the queen side empty, this position would be a draw.} e2+ $1 77. Kxe2 Kg1
78. Kd3 Be5 79. Kc4 {With the a2-pawn on board, White's counterplay would have
been much more dangerous.} h2 80. Kb5 h1=Q 81. Bxh1 Kxh1 82. Kxa5 Bc3 $19) 57.
Bd7 {This move is hard to understand. Why allow Black make further progress so
easily?} (57. Bg6 h3 (57... Bd6 {would be best, transposing to the variation
analyzed above.}) 58. Kg3 e4 59. Kxh3 e3 60. Bxh5 Kc3 61. Kg2 Kxc2 62. Kf1 Kb2
63. Ke2 (63. Bd1 Kxa2 64. Ke2 a5 65. Kd3 a4) (63. Be8 Kxa2 64. Ba4 Kb2 65. Ke2
Kc2 66. Ke1 a6 {xb5} 67. Ke2 Bb6 $22 68. Ke1 (68. Kf3 Kd2 $19) 68... Bd8 69.
Ke2 Bg5 $22 $19 70. Ke1 Kd3) 63... Kxa2 64. Bf7 a5 65. Be6 Ka3 66. Kd1 a4 67.
bxa4 b3 68. Bf5 Kxa4 (68... b2 69. Bb1 $11) 69. Bg6 Kb4 70. Bh7 Kc3 71. Bg6 Kb2
72. Bf7 $1 $11 {In order to win, Black would need an additional pair of pawns
on the other wing. Um zu gewinnen, bräuchte Schwarz ein zusätzliches
Bauernpaar am anderen Flügel.}) 57... e4+ 58. Ke2 Ke5 59. Bc8 Kf4 60. Bd7 Bb6
61. Bc8 Kg3 62. Bb7 e3 63. Kf1 h3 64. Bc6 Kh2 65. Bf3 h4 {Compared with a
variation examined above, Black didn't need to capture the a2-pawn, since the
second h-pawn is also present on board. Im Vergleich zu einer oben
untersuchten Variante braucht Schwarz hier nicht den a-Bauern zu schlagen, da
noch ein zweiter h-Bauern vorhanden ist.} 66. Bh5 (66. Bd5 e2+ 67. Kxe2 Kg1 {
and after winning the bishop for the first h-pawn Black will promote the
second. , und nachdem er den Läufer für den ersten h-Bauern erobert hat, wird
Schwarz den zweiten umwandeln.}) 66... Kg3 67. Be8 e2+ 68. Kxe2 Kg2 0-1

[Event "Ciocaltea Memorial"]
[Site "Bucharest"]
[Date "1999.03.04"]
[Round "1"]
[White "Milu, Romeo Sorin"]
[Black "Marin, Mihail"]
[Result "1/2-1/2"]
[WhiteElo "2395"]
[BlackElo "2527"]
[Annotator "Marin,M"]
[PlyCount "43"]
[EventDate "1999.03.04"]
[EventType "tourn"]
[EventRounds "13"]
[EventCountry "ROU"]
[EventCategory "10"]
[SourceTitle "CBM 070"]
[Source "ChessBase"]
[SourceDate "1999.06.08"]
[SourceVersion "1"]
[SourceVersionDate "1999.06.08"]
[SourceQuality "1"]

1. e4 d6 2. d4 g6 3. Be2 Bg7 4. Nf3 Nf6 5. Nc3 O-O 6. O-O Bg4 7. Ng5 Bxe2 8.
Qxe2 Nc6 9. Rd1 e6 10. Nf3 Qe7 11. h3 a6 12. a4 Rae8 (12... Nd7 $142) 13. a5 e5
14. d5 Nd8 15. Na4 (15. Ra4 Nh5 16. g4 Nf4 17. Bxf4 exf4 18. Qd2) 15... Nh5 16.
c4 f5 17. Bg5 Qd7 (17... Nf4 18. Qd2 (18. Bxe7 Nxe2+ 19. Kf1 Ng3+ 20. fxg3 Rxe7
21. Nc3) 18... Qd7) 18. c5 Nf4 19. Qc4 Qb5 (19... fxe4 20. Qxe4 Qb5 (20... Nf7
21. Bxf4 exf4 22. Qxf4 Ne5 23. Nxe5 Bxe5 $44) 21. cxd6 cxd6 22. Nb6) 20. Qxb5
axb5 21. cxd6 cxd6 (21... bxa4 22. d7) 22. Nc3 (22. Nb6 Ne2+ 23. Kh2 (23. Kf1
Ng3+ 24. fxg3 fxe4 25. Ke2 exf3+ 26. gxf3 e4 27. f4 Bxb2 28. Rab1) 23... fxe4
24. Nd2) (22. Nc3 b4 23. Nb5 fxe4 24. Nd2 Nf7 25. Nxe4) 1/2-1/2

[Event "Ciocaltea Memorial"]
[Site "Bucharest"]
[Date "1998.??.??"]
[Round "12"]
[White "Vajda, Levente"]
[Black "Marin, Mihail"]
[Result "1/2-1/2"]
[WhiteElo "2440"]
[BlackElo "2545"]
[Annotator "Marin,M"]
[PlyCount "179"]
[EventDate "1998.02.??"]
[EventType "tourn"]
[EventRounds "13"]
[EventCountry "ROU"]
[EventCategory "11"]
[SourceTitle "CBM 064"]
[Source "ChessBase"]
[SourceDate "1998.06.02"]
[SourceVersion "1"]
[SourceVersionDate "1998.06.02"]
[SourceQuality "1"]

1. e4 {Yudasin,L} d6 2. d4 Nf6 3. Nc3 g6 4. Nf3 Bg7 5. Be2 O-O 6. O-O c6 7. a4
a5 8. h3 (8. Re1 {Yudasin,L} Na6 9. e5 Ne8 10. Bf4 Bf5) 8... Na6 9. Be3 Nb4 10.
Nd2 (10. Re1 {Yudasin,L} b6 $1) 10... Ne8 $5 (10... e5 11. Nc4 $14 (11. dxe5 {
Yudasin,L} dxe5 12. Nc4 Qxd1 13. Bxd1 Nd7 14. Na2)) (10... b6 $5 {Yudasin,L}) (
10... e6 {Yudasin,L} 11. f4) (10... Nd7 $5 {Yudasin,L}) 11. Nc4 (11. f4 {
Yudasin,L} f5 12. Bc4+ (12. e5 Be6) 12... d5 13. exd5 cxd5 14. Bb3 Nf6) (11.
Ncb1 $5 {Yudasin,L /\c3,Na3-c4}) 11... d5 (11... f5 $5 12. d5 $5) 12. exd5 cxd5
(12... Nxd5 {Yudasin,L} 13. Nxd5 cxd5 14. Ne5 Nd6 15. c3 $10) 13. Na3 Nd6 14.
Ncb5 Be6 (14... Nf5 {Yudasin,L} 15. Bf4 Nxd4 $6 (15... Na6 $10) 16. Nxd4 e5 17.
Be3 exd4 18. Bxd4 $14) (14... Nxb5 $4 {Yudasin,L} 15. axb5 {/\c3}) 15. Bf4 Nc4
(15... Ne8 $14 {Yudasin,L}) 16. Nxc4 (16. c3 $142 Nxa3 17. Rxa3 Nc6 $14) (16.
Nc7 {Yudasin,L} Nxb2 17. Qc1 Nxa4 18. c3 Nc6 19. Nab5 Nb6 20. Nxe6 fxe6 21. Nc7
Rxf4 22. Nxe6 Qd6 23. Nxf4 Bh6 24. g3 $13) (16. Bxc4 {Yudasin,L} dxc4 17. Nc7
Rc8 18. Nxe6 fxe6 19. Be5 Bxe5 20. dxe5 c3 $13) 16... dxc4 17. c3 (17. Nc7 $5
Rc8 (17... Bf5 $1 {Yudasin,L} 18. c3 (18. Nxa8 Bxc2 $2 (18... Nxc2 19. g4 (19.
Nc7 Nxa1 20. Qxa1 e5) 19... Be4 20. f3 Qxd4+ 21. Qxd4 Bxd4+ 22. Kg2 Nxa1 23.
Rxa1 Rxa8 24. fxe4 Bxb2 25. Rd1 Rc8 $13) 19. Qd2 Qxa8 20. Bxc4 Rd8 $132 {+/-})
18... Nd3 $2 (18... Nd5 19. Nxd5 Qxd5 20. Re1 $14) 19. Bxd3 Bxd3 20. Nxa8 Bxf1
21. Qxf1 Qxa8 22. Qxc4 $18) (17... Qxd4 18. Qxd4 Bxd4 19. c3) (17... Nd5 18.
Nxe6 fxe6 19. Bg3 Rc8 20. Bg4 Rc6 21. Re1 $16) 18. Nxe6 fxe6 19. Be3 Qd6 $132)
17... Nd5 18. Bh2 Bh6 $6 (18... Rc8 {Yudasin,L} 19. Na7 Ra8 20. Nb5 $10) 19. b3
$1 (19. Bxc4 {Yudasin,L} Nxc3) (19. Bf3 {Yudasin,L} Qd7 20. Qe2 Rac8 21. b3 Nb6
) 19... cxb3 20. c4 Nb4 $6 (20... Nf4 $132) (20... b2 {Yudasin,L} 21. Rb1 Nf4
22. d5 Nxe2+ 23. Qxe2 Bd7 24. Rxb2 $16) 21. Qxb3 $16 Rc8 22. d5 Bd7 23. Rad1 (
23. Rfd1 $5 {Yudasin,L}) 23... Na6 (23... b6 {Yudasin,L} 24. Rfe1) 24. Na7 (24.
Be5 {Yudasin,L} Nc5 25. Qa3 Bxb5 26. axb5 Bg7 27. Bf4 b6 28. Rfe1 $14) 24...
Nc5 25. Qa3 Bxa4 26. Rb1 Rc7 27. Nc6 $1 (27. Bxc7 Qxc7 $44 (27... Qxc7 {
Yudasin,L} 28. Nb5 Bxb5 29. Rxb5 b6 30. Rfb1 Rb8 $13)) 27... bxc6 (27... Rxc6 {
Yudasin,L} 28. dxc6 b6 29. c7) (27... Bxc6 {Yudasin,L} 28. Bxc7 (28. Qxc5 $18)
28... Qxc7 29. Qxc5 Qe5 30. Bf3 $18) 28. Bxc7 (28. Qxc5 {Yudasin,L} Rc8 (28...
Bd2) 29. d6 exd6 30. Bxd6 Re8 31. Bg4 Ra8 32. Bf3 $36) 28... Qxc7 29. Qxc5 Bd2
$8 30. Bd1 $1 (30. Ra1 Bb4 31. Qd4 c5 $14) 30... Bxd1 (30... Bb4 $2 31. Rxb4 $1
$18) 31. Rfxd1 Bb4 32. Qxc6 (32. Rxb4 {Yudasin,L} axb4 33. dxc6 b3 34. Rd7 (34.
Rb1 Rc8 $10) 34... b2 (34... Qf4 35. c7 (35. Rb7 b2 $10 36. Rb6) 35... b2 36.
Rd1 Qc1) 35. Rxc7 b1=Q+ 36. Kh2 Qb8 37. Qa7 Qxa7 38. Rxa7 Rc8 39. Rxe7 Rxc6 40.
Re4 $16) 32... Qxc6 33. dxc6 Rc8 34. Rbc1 Rxc6 35. Rd8+ Kg7 36. Ra8 $16 (36.
Kf1 {Yudasin,L}) (36. g4 $5 {Yudasin,L}) 36... h5 37. Kf1 Kf6 38. Ke2 Ke5 39.
Rd8 Kf6 40. Rb8 Bc5 41. Rb5 Bb4 42. Rc2 (42. h4 {Yudasin,L}) 42... Ke6 43. Rb7
Ke5 44. Ke3 Ke6 45. Rb5 Rc7 46. f3 $6 (46. g3 {/\f3, g4}) (46. h4 {Yudasin,L})
46... h4 $5 47. Re2 Rd7 48. Kf4+ Kf6 49. c5 (49. Kg4 {Yudasin,L} Rd4+ 50. Re4
Rd2) 49... Rc7 (49... Rd5 {Yudasin,L} 50. Rc2 e6 51. Ke4 Re5+ 52. Kd4 Rd5+ 53.
Kc4) 50. Rc2 e6 51. c6 (51. Kg4 {Yudasin,L} Be1 52. c6 Ke7 53. Rb7 Kd6 (53...
Bg3 {Yudasin,L} 54. Rxc7+ Bxc7 55. Rd2 Bd6 56. Kxh4 a4 57. Kg4 a3 58. f4 $18)
54. Rxc7 Kxc7 55. Kg5 $18) 51... Ke7 52. Rb7 Kd6 53. Rxc7 (53. Kg5 {Yudasin,L}
Rxc6 54. Rxc6+ Kxc6 55. Rxf7 a4 $13) 53... Kxc7 54. Ke5 $2 (54. Kg5 $142 $18)
54... Be7 55. Ra2 (55. Rc4 {Yudasin,L} Bd8 56. Rd4 $18) 55... Kxc6 56. Rxa5 Kd7
$11 57. Ra7+ Ke8 58. Ra8+ Kd7 59. f4 Kc7 60. Rh8 Kd7 61. Rg8 Bd8 62. Rh8 Be7
63. Ke4 Bf6 64. Rf8 Ke7 65. Ra8 Bc3 66. Kd3 Be1 67. Rc8 Kf6 68. Ke4 g5 (68...
Bg3 $10 {Yudasin,L}) 69. Rg8 gxf4 70. Kxf4 Bg3+ 71. Kg4 (71. Rxg3 $10 {Yudasin,
L}) 71... Be1 72. Rg5 Bg3 73. Kh5 Bf2 74. Ra5 Bg3 75. Ra7 Kg7 (75... Bf2 $10 {
Yudasin,L}) 76. Kg5 Bf2 77. Ra2 Bg3 78. Re2 Kf8 79. Kh6 (79. Kf6 {Yudasin,L}
Bd6 80. Rd2 Be7+ 81. Ke5 Kg7 82. Rd7 Bg5) 79... Ke7 80. Kg7 e5 81. Ra2 Ke6 $6 (
81... e4 $5 82. Ra4 (82. Ra7+ Ke6 83. Rxf7 e3 84. Rf3 Bf2 85. Rf8 Ke5 86. Kg6
Ke4 87. Re8+ Kd3 88. Rd8+ Kc2 89. Re8 Kd1 90. Rd8+ Ke1 $19) 82... f5 83. Kg6
Ke6 84. Ra6+ Ke5 85. Ra5+ (85. Ra2 e3 86. Kh5 Ke4 87. Kg5 Kd3 88. Ra3+ Ke2 89.
Kxf5 Kf2 $19) 85... Kf4 86. Rxf5+ Ke3 87. Rf8 Kd2 88. Rd8+ (88. Kf5 e3 89. Rd8+
Ke1 90. Ke4 e2 $19) 88... Ke2 (88... Ke1 89. Re8 $11) 89. Kf5 e3 90. Ke4 Kf2
91. Rf8+ $11) 82. Ra6+ Kf5 83. Kxf7 e4 84. Ra5+ $11 Be5 (84... Kf4 85. Kf6 e3
$4 86. Ra4#) 85. Ra3 Bg3 (85... Kf4 {Yudasin,L} 86. Ra4 Kf5 87. Ra3 $11) 86.
Ra5+ Be5 87. Ra3 Bg3 88. Kg7 Bf2 89. Ra5+ Kf4 90. Ra4 (90. Ra4 Ke5 91. Ra2 e3
92. Kg6 Ke4 (92... Kf4 93. Kh5 Kg3 94. Re2 Kxg2 95. Kg4 $11) 93. Kg5 Kd3 94.
Ra3+ Ke2 95. Kg4 Kf1 96. Rxe3 $11) 1/2-1/2

[Event "Ciocaltea Memorial"]
[Site "Bucharest"]
[Date "1998.??.??"]
[Round "10"]
[White "Nevednichy, Vladislav"]
[Black "Marin, Mihail"]
[Result "1/2-1/2"]
[WhiteElo "2550"]
[BlackElo "2545"]
[Annotator "Marin,M"]
[PlyCount "162"]
[EventDate "1998.02.??"]
[EventType "tourn"]
[EventRounds "13"]
[EventCountry "ROU"]
[EventCategory "11"]
[SourceTitle "CBM 064"]
[Source "ChessBase"]
[SourceDate "1998.06.02"]
[SourceVersion "1"]
[SourceVersionDate "1998.06.02"]
[SourceQuality "1"]

1. e4 {Yudasin,L} d6 2. d4 Nf6 3. Nc3 g6 4. Nf3 Bg7 5. Be2 O-O 6. O-O a6 7. a4
(7. Re1) (7. h3) 7... Nc6 8. a5 (8. d5 {Yudasin,L} Nb4 9. a5 e6 10. Ra4 c5 $13)
(8. Re1 {Yudasin,L}) 8... e5 9. d5 Ne7 (9... Nb8 {Yudasin,L} 10. Nd2 Ne8 11.
Nc4 f5 12. f4 exf4 13. Bxf4 g5 14. Be3 f4 15. Bd4 Nd7 16. Bg4 $13) 10. Nd2 Nd7
(10... Bh6) 11. Na4 (11. b4 {Yudasin,L} f5 12. f3 f4 13. Na4 g5 14. c4 h5 15.
c5 Ng6 16. Ra3) (11. Nc4 {Yudasin,L} f5 12. f4 $10) 11... f5 12. c4 (12. f3 {
Yudasin,L} Bh6 13. Nc4 Bxc1 14. Rxc1 Nf6 15. Qd3 Bd7 16. Nc3 f4 $36) 12... Bh6
13. b4 (13. c5 $5 Nf6 (13... Nxc5 14. Nxc5 dxc5 15. Nc4 Bxc1 16. Rxc1 $44) 14.
cxd6 cxd6 15. exf5 gxf5 16. Nb6 Rb8 17. Ndc4 Bxc1 18. Rxc1 f4 $132) (13. Nc3
$10 {Yudasin,L}) 13... Nf6 14. Nc3 fxe4 (14... Bxd2 {Yudasin,L} 15. Bxd2 Nxe4
16. Nxe4 fxe4 17. Bg5 Bf5 18. Re1 Qe8 19. g4 Bd7 20. Bf1 Qf7 21. Ra2) 15. Ndxe4
Nxe4 16. Nxe4 Bxc1 17. Rxc1 Nf5 {[Black decided to give up the tension on the
kingside, putting all his hopes in the beutifully placed knight on d4.
Nevertheless, he should be carefull, as white is ahead with the development.]}
18. c5 (18. Bd3 {Yudasin,L} Nd4 19. Ng3 Qh4 20. Rc3 Bg4 21. Qd2 $15) 18... Qe7
(18... Nd4 $5 19. f4 (19. Bc4 {Yudasin,L} Bf5 20. Ng3 Qh4 21. Re1 $10) 19...
Rxf4 20. Rxf4 Nxe2+ 21. Qxe2 exf4 22. Rf1 Bf5 23. Rxf4 Qe7 $14) 19. Re1 Nd4 20.
Bf1 $6 (20. Bg4 $142 Bxg4 (20... Bf5 21. Bxf5 gxf5 $2 22. Nxd6 $1 $16) 21. Qxg4
Rf4 22. Qd1 Raf8) (20. Bc4 $5 {Yudasin,L}) 20... Rf4 21. Rc3 (21. Re3 {Yudasin,
L}) 21... Bf5 22. cxd6 cxd6 23. Ng3 Rf8 24. Qc1 $6 (24. f3) 24... Qh4 25. f3 (
25. Rc7 Rxf2 26. Kxf2 Qxh2 $40) 25... e4 $1 $15 26. fxe4 (26. Nxf5 Nxf5 27.
Rxe4 (27. Rc4 e3 28. Rxf4 Qxf4) 27... Rxe4 28. fxe4 Qxe4 $17) (26. Rc7 $2 exf3
27. Ree7 f2+ 28. Kh1 Qxh2+ 29. Kxh2 Rh4#) 26... Bxe4 27. Rc8 (27. Qe3 $2 {
Yudasin,L} Nc2) (27. Nxe4 {Yudasin,L} Rxf1+ 28. Rxf1 Ne2+) 27... Bxd5 28. Ree8
Rxe8 $6 (28... Bc6 29. Bc4+ Kg7 (29... d5 30. Bxd5+ Bxd5 31. Rxf8+ Rxf8 32.
Rxf8+ Kxf8 33. Qc5+ $11) 30. Rxf8 Rxf8 31. Rxf8 Kxf8 32. Qf1+ Ke8 33. Qf7+ Kd8
34. Qf8+ Kc7 35. Qf7+ Bd7 $17) (28... Nc6 29. Qd2 Nxb4 $17) (28... Rxf1+ {
Yudasin,L} 29. Qxf1) 29. Rxe8+ Rf8 (29... Kg7 {Yudasin,L} 30. Qc7+ Bf7 31. Rb8
$132) 30. Rxf8+ Kxf8 31. Qc8+ Kf7 32. Bc4 Ne6 (32... Nf3+ 33. gxf3 Qxc4 (33...
Bxc4 34. Qxb7+) 34. Qd7+ Kg8 35. Qd8+ Kg7 36. Qe7+ Kh6 (36... Bf7 {Yudasin,L}
37. Qxd6 $15) 37. Nf5+ $3 (37. Qxd6 Qd4+ $19 (37... Qc1+ 38. Kf2 Qd2+ 39. Ne2))
37... gxf5 (37... Kh5 38. Ng3+) 38. Qf6+ Kh5 39. Qxf5+ Kh4 40. Qf6+ Kh3 41.
Qf5+ $11) 33. Qd7+ (33. Bxd5 {Yudasin,L} Qd4+ 34. Kf1 Qxd5 35. Qd7+ Kf6 36.
Qxh7 Qc4+ $17) 33... Kf6 (33... Kg8 34. Bxd5 Qd4+ 35. Kf1 Qxd5 36. Qe8+ Nf8 37.
Ne4 $44) 34. Bxd5 Qd4+ 35. Kf1 Qd1+ 36. Kf2 Qd4+ 37. Kf1 Qd1+ 38. Kf2 Qxd5 39.
Qxh7 Qd4+ 40. Kf1 Qd1+ 41. Kf2 Qd4+ 42. Kf1 Qxb4 43. Qh8+ Kf7 44. Qh7+ Ng7 45.
Qh3 $132 Qb5+ (45... Nf5 {Yudasin,L} 46. Qh7+) 46. Kf2 Qc5+ 47. Kf1 Qc1+ 48.
Kf2 Qf4+ 49. Ke2 Qe5+ 50. Kd3 Qd5+ 51. Ke3 Qb3+ (51... Qe6+ 52. Qxe6+ Kxe6 53.
Kf4 d5 54. Ne2 $44) 52. Ke4 d5+ (52... Qe6+ $17 {Yudasin,L}) 53. Ke5 Qc3+ 54.
Kxd5 (54. Kf4 Ne6+ $19) (54. Kd6 Ne8+ 55. Kxd5 Nf6+ 56. Kd6 Qc6+ 57. Ke5 Qc5+
58. Kf4 Qf2+ 59. Ke5 (59. Kg5 Qe3+ 60. Kh4 g5#) 59... Qe3+ 60. Ne4 Qxe4+ 61.
Kd6 Qe7#) 54... Qxa5+ 55. Ke4 Qe1+ 56. Kd3 Qe6 57. Qh4 Qb3+ (57... b5 $5) 58.
Kd2 Qb2+ 59. Kd3 Qb5+ 60. Kc3 Qe5+ 61. Kc2 Ne6 (61... b5 $5 {Yudasin,L}) 62.
Ne4 (62. Qh7+ {Yudasin,L} Qg7 63. Qh4 g5 (63... Qd4 64. Qh7+ Ng7 $17) 64. Qb4
$132) 62... b5 (62... Qf4 {Yudasin,L} 63. Qxf4+ Nxf4 64. Nd6+ Ke7 65. Nxb7 Nxg2
66. Nc5 a5 67. Nb7 a4 68. Nc5 $10) 63. Qh7+ Qg7 64. Qh4 g5 65. Qg4 Qe5 66. h4 {
/\a6,b5} gxh4 67. Qxh4 b4 68. Qh7+ Ng7 69. Qh4 a5 70. Kb3 Ne6 71. Qh7+ Ke8 (
71... Kf8 $5 72. Ka4 $1 (72. Qb7 $4 Qxe4 73. Qxe4 Nc5+ $19) 72... Qa1+ (72...
Qxe4 73. Qxe4 Nc5+ 74. Kxa5 Nxe4 75. Kxb4 $11) 73. Kb5) 72. Qb7 {/\Qb5,/\Qc6,/
\g4} Nc5+ $138 (72... Qxe4 $4 73. Qxe4 $18 {and the knight is pinned!}) (72...
Kd8 {Yudasin,L} 73. Qa8+ Kd7 74. Qb7+ Nc7 75. g4) 73. Nxc5 Qxc5 74. Ka4 Qf5 (
74... Qc2+ {Yudasin,L} 75. Kxa5 b3 76. Qb8+ Kd7 77. Qb5+ $15) 75. Qb8+ Kd7 76.
g4 Qd5 (76... Qxg4 77. Qb5+ $11 (77. Kxa5 $4 Qf5+ $1 78. Ka4 Qc2+ 79. Ka5 b3
$15)) 77. Qf4 Ke6 (77... Qa2+ {Yudasin,L} 78. Kb5 b3 79. Qd4+ $10) 78. Qh6+ Ke5
(78... Kd7 {Yudasin,L} 79. g5) 79. g5 Qa2+ 80. Kb5 Qd5+ 81. Ka4 Qa2+ 1/2-1/2